| 000 | 00603nam a2200241Ia 4500 | ||
|---|---|---|---|
| 003 | OSt | ||
| 005 | 20221005115626.0 | ||
| 006 | a|||||r|||| 00| 0 | ||
| 007 | ta | ||
| 008 | 221004b |||||||| |||| 00| 0 mal d | ||
| 024 | _a56506 | ||
| 037 | _cTextual | ||
| 040 |
_aCRL _cCRL _bmal |
||
| 041 |
_2mal _amal |
||
| 082 | _aO32,3N23,14, J2 | ||
| 100 |
_aPottekkad Au. _9627877 |
||
| 245 | 0 | _aChorapookkat | |
| 260 | _c1952 | ||
| 300 |
_a100p. _ccm. |
||
| 650 |
_aMALAYALAM FICTION _9183428 |
||
| 942 |
_hO32,3N23,14, J2 _cTEXL _2cc |
||
| 999 |
_c1035429 _d1035429 |
||